000 00844nam a2200265Ia 4500
001 dia_1832
003 CHAP
005 20251021160448.0
008 220117s1979 xx 000 0 und d
010 _a172371
040 _cCHAP
082 _a631.7 A6
100 _aAoorenbos, J.
_9151643
245 _aEfectos del Agua sobre Rendimiento de los Cultivos /
_c por J. Aoorenbos y A.H. Kassam
260 _aRoma :
_b Organización de las Naciones Unidas para la Agricultura y la Alimentación,
_c1979
300 _a212 p.
400 _aESTUDIO F.A.O. RIEGO Y DRENAJE, 33
650 _a1.Agua/
_9151644
650 _aAgua de riego/
_9151645
650 _aIrrigación. i.t. II Kassam, A.H.
_9151646
901 _a631.7 A6
902 _aM
905 _a0000001979 ROMX 0000000000ESP00
942 _cLIBRO
_2ddc
999 _c172371
_d172371